Je ešte cirkev oporou spoločnosti?

Bibliographic Details
Main Author: Zulehner, Paul, 1939- (Author)
Format: Article
Language:Slovak
Subjects:

MARC

LEADER 00000nab a2200000 a 4500
001 vtls000642360
003 SK-MaSNL
005 20260304033009.0
008 160401c1997 xo 0 slo
015 |a SNBRB19rr/mm-uuuuu 
035 |a CL0642499 
040 |a SNKBUCL  |b slo  |c SNKBUCL  |e AACR2 
041 0 |a slo 
044 |a xo  |c SK 
080 |a 261.6  |2 1981 
100 1 |a Zulehner, Paul,  |d 1939-  |4 aut  |9 235666 
245 1 0 |a Je ešte cirkev oporou spoločnosti?  |c Paul M. Zulehner 
650 0 7 |a kresťanstvo  |2 snkbucl  |9 2024 
655 7 |a články z novín a časopisov  |2 snkbucl  |9 267496 
773 0 |t Listy  |g Roč. 10, č. 6 (1997), s. 7 
850 |a Slovenská národná knižnica v Martine  |a MTA001 
852 |a SNK  |b KIS3GCP 
958 |a RK 
958 |a RBX 
999 |c 2646025  |d 2647955